000 00531nam a2200181Ia 4500
999 _c14126
_d14126
003 OSt
005 20201020111632.0
008 190216s9999||||xx |||||||||||||| ||und||
020 _a8120718461
040 _coclc
082 _a808.83
_bBAS/R
100 _aBasu, Romen
_95646
245 0 _aReflections Twenty One Indian Short Stories /
_cRomen Basu
260 _bA Sterling Paperback ,
_c1996.
_aNew Delhi:
300 _a230p
650 _aEnglish Novel
942 _cBK
_2ddc
_h808.83
_iBAS/R
_k808.83
_mBAS/R